000 01640nam0a2200313 4500
001 RU\NLR\b_ik\165156
005 20260407173201.0
010 _a5-9530-0157-6
_9150
035 _a(NLR Aleph) 002237959
090 _a3518172
_c3518172
100 _a20071226d2007 |||y0rusy50 ca
101 0 _aeng
102 _aRU
105 _ay |||||||||
200 9 _aXXI International symposium on nuclear electronics & computing, NEC'2007, September 10-17, 2007, Varna
_ebook of abstracts
210 _aDubna
_cJoint inst. of nuclear research
_d2007
215 _a57 с.
_d22
300 _aВ вып. дан.: XXI Международный симпозиум по ядерной электронике и компьютингу (NEC'2007). В надзаг.: Joint inst. of nuclear research
320 _aУказ.: с. 56-57
517 0 _aXXI Международный симпозиум по ядерной электронике и компьютингу (NEC'2007). В надзаг.: Joint inst. of nuclear research
606 1 _aЭлектронные приборы
_jСъезды, совещания и т.п.
_xПрименение в ядерной физике
_9964283
_3RU\NLR\AUTH\6641720
606 1 _aЯдерные исследования
_jСъезды, совещания и т.п.
_xАвтоматизация
_91354587
_3RU\NLR\AUTH\66251532
686 1 _aВ38с21я431(0)
686 1 _aВ381.9я431(0)
710 1 2 _4070
_7ba
_8eng
_aInternational symposium on nuclear electronics and computing
_d21
_eVarna
_f2007
_9720291
_3RU\NLR\AUTH\8810110153
801 0 _aRU
_bNLR
_c20071226
_gRCR
942 _cBOOK
980 _aNB